|
|
|
|
| LEADER |
01406cam a2200325 a 4500 |
| 001 |
c000227960 |
| 003 |
CARM |
| 005 |
20061212124148.0 |
| 008 |
710520s1970 fr a b 100 0 eng |
| 010 |
|
|
|a 72560871
|
| 015 |
|
|
|a F***
|
| 019 |
1 |
|
|a 477421
|5 LACONCORD2021
|
| 035 |
|
|
|a (OCoLC)139434
|5 LACONCORD2021
|
| 040 |
|
|
|a LC
|b eng
|c LC
|d LC
|
| 050 |
0 |
0 |
|a QP99.5.H37
|b S67 1970
|
| 082 |
0 |
4 |
|a 612/.1181
|
| 111 |
2 |
|
|a Specialists' Meeting on Fluid Dynamics of Blood Circulation and Respiratory Flow
|d (1970 :
|c Naples)
|
| 245 |
1 |
0 |
|a Fluid dynamics of blood circulation and respiratory flow.
|
| 260 |
|
|
|a [Neuilly-sur-Seine, :
|b North Atlantic Treaty Organization,
|c 1970].
|
| 300 |
|
|
|a 1 v. (various pagings) :
|b ill. ;
|c 30 cm.
|
| 440 |
|
0 |
|a AGARD conference proceedings ;
|v no. 65
|
| 500 |
|
|
|a Sponsored by the Fluid Dynamics Panel of AGARD/NATO, and held 4-6 May 1970.
|
| 504 |
|
|
|a Includes bibliographies.
|
| 650 |
|
0 |
|a Hemodynamics
|v Congresses.
|
| 650 |
|
0 |
|a Blood
|x Circulation.
|
| 650 |
|
0 |
|a Pulmonary circulation
|v Congresses.
|
| 710 |
2 |
|
|a North Atlantic Treaty Organization.
|b Advisory Group for Aerospace Research and Development.
|b Fluid Dynamics Panel.
|
| 852 |
8 |
|
|b CARM
|h A2:AH26H0
|i F01287
|p 0268750
|f BK
|
| 999 |
f |
f |
|i d6aa4ac4-b2d7-5548-8145-8cecd34ac21f
|s 8fd8ab1d-db5c-5aa1-81fe-3d5037fb7ed9
|
| 952 |
f |
f |
|p Can circulate
|a CAVAL
|b CAVAL
|c CAVAL
|d CARM 1 Store
|e F01287
|f A2:AH26H0
|h Other scheme
|i book
|m 0268750
|